[Event "Madrid ch 2021-2022 - Previa A"]
[Site "Madrid ESP"]
[Date "2022.03.23"]
[Round "9.12"]
[White "Diaz Garcia-Heras, Jose J."]
[Black "Moya Barba, Diego"]
[Result "0-1"]
[WhiteElo "1715"]
[BlackElo "1482"]
[PlyCount "132"]
[EventDate "2022.03.07"]
[EventType "swiss"]
[EventRounds "9"]
[EventCountry "ESP"]
[SourceTitle "Ajedrez en Madrid"]
[Source "lmi"]
[SourceDate "2022.03.07"]
[SourceVersion "1"]
[SourceVersionDate "2022.04.04"]
[SourceQuality "1"]

1. e4 c5 2. Nf3 Nc6 3. Bc4 e6 4. O-O Nf6 5. d3 d5 6. exd5 exd5 7. Bb3 Be7 8.
Bg5 O-O 9. h3 h6 10. Bxf6 Bxf6 11. c3 d4 12. Qc2 dxc3 13. bxc3 Nb4 14. cxb4
Bxa1 15. bxc5 Qf6 16. Nbd2 Bf5 17. Bc4 Rad8 18. Nb3 Be5 19. Nxe5 Qxe5 20. Na5
Qc7 21. Qc3 b6 22. Nb3 bxc5 23. Nxc5 Qc8 24. d4 Rd6 25. Rc1 Rfd8 26. Nb3 Qd7
27. Nc5 Qc8 28. Nb3 Be6 29. Bxe6 Qxe6 30. Re1 Qc8 31. Qxc8 Rxc8 32. Re7 a5 33.
Ra7 Rd5 34. Kf1 Rc2 35. Ra8+ Kh7 36. a4 Ra2 37. Rxa5 Rxa5 38. Nxa5 Rxa4 39. Nc6
Rc4 40. Ne5 Rxd4 41. Nxf7 Rd5 42. f4 Rf5 43. Ne5 Rxf4+ 44. Nf3 Kg6 45. Kf2 Kf5
46. Ke3 Re4+ 47. Kf2 h5 48. Nd2 Rb4 49. Nf3 g5 50. Kg3 Rb3 51. Kh2 Rd3 52. Ne1
Rd2 53. Nf3 Rd5 54. Ne1 Rd7 55. Nf3 Rd1 56. Kg3 h4+ 57. Kf2 Kf4 58. Ng1 Rd2+
59. Ne2+ Ke4 60. Ke1 Ke3 61. Nc3 Rxg2 62. Nd5+ Kf3 63. Kf1 Rd2 64. Nc3 Rc2 65.
Nd1 Rc1 66. Ke1 Kg3 0-1

[Event "Madrid ch 2021-2022 - Previa A"]
[Site "Madrid ESP"]
[Date "2022.03.23"]
[Round "9.15"]
[White "Barahona Torrijos, Angel"]
[Black "Aquilino Rodriguez, Virgilio"]
[Result "1-0"]
[WhiteElo "1822"]
[BlackElo "1541"]
[PlyCount "47"]
[EventDate "2022.03.07"]
[EventType "swiss"]
[EventRounds "9"]
[EventCountry "ESP"]
[SourceTitle "Ajedrez en Madrid"]
[Source "lmi"]
[SourceDate "2022.03.07"]
[SourceVersion "1"]
[SourceVersionDate "2022.04.04"]
[SourceQuality "1"]

1. d4 d5 2. Nf3 Bf5 3. c4 e6 4. Nc3 c6 5. Bf4 h6 6. e3 Nf6 7. Ne5 Nbd7 8. cxd5
exd5 9. Bd3 Bxd3 10. Qxd3 Nxe5 11. dxe5 Nh5 12. O-O Nxf4 13. exf4 Bc5 14. Qg3
O-O 15. f5 f6 16. e6 Bd6 17. Qg4 d4 18. Ne4 c5 19. Rad1 b5 20. b4 c4 21. Nxd6
Qxd6 22. Rxd4 Qxb4 23. Rd7 g5 24. Qh5 1-0

[Event "Madrid ch 2021-2022 - Previa A"]
[Site "Madrid ESP"]
[Date "2022.03.23"]
[Round "9.16"]
[White "Bolea Olivan, Jose Angel"]
[Black "Rubio Rivera, Felix"]
[Result "1/2-1/2"]
[WhiteElo "1810"]
[BlackElo "1460"]
[PlyCount "65"]
[EventDate "2022.03.07"]
[EventType "swiss"]
[EventRounds "9"]
[EventCountry "ESP"]
[SourceTitle "Ajedrez en Madrid"]
[Source "lmi"]
[SourceDate "2022.03.07"]
[SourceVersion "1"]
[SourceVersionDate "2022.04.04"]
[SourceQuality "1"]

1. d4 Nf6 2. c4 g6 3. Nc3 Bg7 4. e4 d6 5. Nf3 O-O 6. Be2 e5 7. h3 Nbd7 8. Be3
Re8 9. d5 Nc5 10. Qc2 a5 11. O-O Nh5 12. Ne1 Nf4 13. Nd3 Ncxd3 14. Bxd3 Qh4 15.
Ne2 Nxg2 16. Qd2 Nxe3 17. Qxe3 Bxh3 18. Rfe1 Bh6 19. Qg3 Qxg3+ 20. fxg3 Be3+
21. Kh2 Bg4 22. Nc3 Bd2 23. Rf1 Bxc3 24. bxc3 Kg7 25. Rf2 Rf8 26. Raf1 f6 27.
Be2 Bxe2 28. Rxe2 Rf7 29. g4 Raf8 30. Ref2 Ra8 31. Rb2 b6 32. Kg3 Rh8 33. Rbf2
1/2-1/2

[Event "Madrid ch 2021-2022 - Previa A"]
[Site "Madrid ESP"]
[Date "2022.03.23"]
[Round "9.17"]
[White "Martinez Miura, Enrique"]
[Black "Ramos Antona, Enrique"]
[Result "1/2-1/2"]
[WhiteElo "1601"]
[BlackElo "1512"]
[PlyCount "55"]
[EventDate "2022.03.07"]
[EventType "swiss"]
[EventRounds "9"]
[EventCountry "ESP"]
[SourceTitle "Ajedrez en Madrid"]
[Source "lmi"]
[SourceDate "2022.03.07"]
[SourceVersion "1"]
[SourceVersionDate "2022.04.04"]
[SourceQuality "1"]

1. e4 e5 2. Nf3 d6 3. d4 exd4 4. Nxd4 Nf6 5. Nc3 Be7 6. Bd3 O-O 7. O-O h6 8. h3
Re8 9. Bf4 a6 10. Qd2 Bf8 11. Rfe1 Nbd7 12. Nf3 Ne5 13. Nxe5 dxe5 14. Be3 b6
15. f4 exf4 16. Bxf4 Bb7 17. Kh1 Nh5 18. Bh2 g6 19. Rad1 Rc8 20. Qe2 Qg5 21.
Bxa6 Bxa6 22. Qxa6 Ng3+ 23. Bxg3 Qxg3 24. Qd3 Qe5 25. Qd5 Qg3 26. Qd3 Qe5 27.
Qd5 Qg3 28. Qd3 1/2-1/2

[Event "Madrid ch 2021-2022 - Previa A"]
[Site "Madrid ESP"]
[Date "2022.03.23"]
[Round "9.19"]
[White "Gomez Ramirez, Jorge"]
[Black "Villodre Miranda, Juan Alonso"]
[Result "1/2-1/2"]
[WhiteElo "1251"]
[BlackElo "1563"]
[PlyCount "149"]
[EventDate "2022.03.07"]
[EventType "swiss"]
[EventRounds "9"]
[EventCountry "ESP"]
[SourceTitle "Ajedrez en Madrid"]
[Source "lmi"]
[SourceDate "2022.03.07"]
[SourceVersion "1"]
[SourceVersionDate "2022.04.04"]
[SourceQuality "1"]

1. d4 d5 2. c4 e6 3. Nc3 c6 4. e3 Bd6 5. Nf3 Nf6 6. Qc2 Nbd7 7. c5 Be7 8. Be2
b5 9. b4 a5 10. Qb1 a4 11. a3 Qc7 12. O-O e5 13. dxe5 Nxe5 14. Nd4 Ng6 15. f3
Bd7 16. Bd3 O-O-O 17. Bb2 Ne5 18. Re1 Nxd3 19. Qxd3 Kb7 20. Rad1 Ne8 21. e4
dxe4 22. Nxe4 f5 23. Ng3 Bh4 24. Ndxf5 Bxg3 25. Nxg3 Nf6 26. Bxf6 gxf6 27. Re7
Kc8 28. Nf5 Bxf5 29. Qxf5+ Kb8 30. Rxc7 Rxd1+ 31. Kf2 Kxc7 32. Qxf6 Rhd8 33. g4
R1d3 34. Qe5+ Kb7 35. Qf6 R8d7 36. Qf5 Kc7 37. Qe5+ Kb7 38. Qa1 Rf7 39. Kg3
Rdxf3+ 40. Kh4 Rf2 41. h3 R2f3 42. Qc1 R7f6 43. Kg5 h6+ 44. Kh4 Rb3 45. g5
hxg5+ 46. Qxg5 Rf7 47. Qd8 Rh7+ 48. Kg5 Rbxh3 49. Qb6+ Kc8 50. Qxc6+ Kd8 51.
Qa8+ Kc7 52. Qa7+ Kc6 53. Qb6+ Kd5 54. Qd6+ Kc4 55. c6 Kb3 56. Qd5+ Kxa3 57. c7
Rc3 58. c8=Q Rxc8 59. Qd3+ Kxb4 60. Qxh7 Rc4 61. Qb1+ Ka5 62. Kf5 a3 63. Ke5
Rb4 64. Qa1 Ka4 65. Qd1+ Rb3 66. Qd4+ Rb4 67. Qa7+ Kb3 68. Qe3+ Ka2 69. Qd2+
Rb2 70. Qd5+ Ka1 71. Qd1+ Rb1 72. Qd4+ Ka2 73. Qd2+ Kb3 74. Qd3+ Ka2 75. Qd2+
1/2-1/2

[Event "Madrid ch 2021-2022 - Previa A"]
[Site "Madrid ESP"]
[Date "2022.03.23"]
[Round "9.20"]
[White "Moreno Sabroso, Ruben"]
[Black "Fuentenebro Cediel, Alberto"]
[Result "0-1"]
[WhiteElo "1495"]
[BlackElo "1328"]
[PlyCount "92"]
[EventDate "2022.03.07"]
[EventType "swiss"]
[EventRounds "9"]
[EventCountry "ESP"]
[SourceTitle "Ajedrez en Madrid"]
[Source "lmi"]
[SourceDate "2022.03.07"]
[SourceVersion "1"]
[SourceVersionDate "2022.04.04"]
[SourceQuality "1"]

1. d4 d5 2. Bf4 Nf6 3. e3 e6 4. Nf3 Bd6 5. Bg3 Nbd7 6. Nbd2 Qe7 7. Ne5 c5 8. c3
cxd4 9. exd4 h5 10. f4 h4 11. Bf2 Nh5 12. Qg4 f5 13. Qxh4 Qxh4 14. Bxh4 Nxf4
15. g3 Bxe5 16. dxe5 Ng6 17. Bg5 Ndxe5 18. O-O-O Ng4 19. Re1 Rxh2 20. Rxh2 Nxh2
21. Bb5+ Kf7 22. Re2 Ng4 23. Nb3 a6 24. Bd3 N6e5 25. Kc2 Nxd3 26. Kxd3 Bd7 27.
Kc2 Rc8 28. Nd2 d4 29. c4 e5 30. Kd3 b5 31. b3 bxc4+ 32. bxc4 Be6 33. Re1 Nf2+
34. Ke2 Nh3 35. Nf3 Bxc4+ 36. Kd2 Nxg5 37. Nxg5+ Kf6 38. Nf3 Bxa2 39. Nxe5 Rc3
40. g4 fxg4 41. Nxg4+ Kf5 42. Nf2 Bc4 43. Re4 Rd3+ 44. Nxd3 Kxe4 45. Nf2+ Kf4
46. Nd1 g5 0-1